Contemporary Varieties of the Arabic Language - Statistics

General Stats
  • This quiz has been taken 410 times
  • The average score is 12 of 26
Answer Stats
Speakers Variety % Correct
58.4 million Egyptian
98%
32.7 million Levantine
97%
30 million Algerian
92%
21 million Moroccan
91%
24.3 million Iraqi
90%
11.2 million Tunisian
87%
4.3 million Libyan
85%
15.1 million Yemeni
85%
1 million Omani
82%
29.4 million Sudanese
82%
6.8 million Gulf
68%
1.1 million Chadian
53%
25,000 Khorasani
38%
8.8 million Hassaniya
29%
14.5 million Hejazi
28%
4 million Najdi
23%
22.4 million Ṣa‘īdi
19%
110,000 Saharan
17%
820,000 Juba
16%
730,000 Bahrani
13%
2.2 million Bedawi
11%
4.6 million Hadhrami
11%
8.7 million Moslawi
11%
70,000 Dhofari
7%
15,000 Shihhi
4%
60,000 Bareqi
2%
No matching quizzes found
Score Distribution
Percent of People with Each Score
Percentile by Number Answered
Your Score History
You have not taken this quiz